Mahatma Gandhi on education / (Record no. 137786)

MARC details
000 -LEADER
fixed length control field 00733nam a22002417a 4500
003 - CONTROL NUMBER IDENTIFIER
control field dpl
005 - DATE AND TIME OF LATEST TRANSACTION
control field 20230705151700.0
008 - FIXED-LENGTH DATA ELEMENTS--GENERAL INFORMATION
fixed length control field 080909t xxu||||| |||| 00| 0 eng d
010 ## - LIBRARY OF CONGRESS CONTROL NUMBER
LC control number ENG-117306 ENG-137280
020 ## - INTERNATIONAL STANDARD BOOK NUMBER
International Standard Book Number 9789325986718
Terms of availability 325.00
035 ## - SYSTEM CONTROL NUMBER
System control number EN-100838 EN-120812
037 ## - SOURCE OF ACQUISITION
Source of stock number/acquisition DBAD / PUB
040 ## - CATALOGING SOURCE
Transcribing agency DBAD/PUB
082 ## - DEWEY DECIMAL CLASSIFICATION NUMBER
Classification number 301.153
100 ## - MAIN ENTRY--PERSONAL NAME
Personal name Dutta,Mishra Anil
245 ## - TITLE STATEMENT
Title Mahatma Gandhi on education /
Statement of responsibility, etc by Anil Dutta Mishra
260 ## - PUBLICATION, DISTRIBUTION, ETC. (IMPRINT)
Place of publication, distribution, etc Noida
Name of publisher, distributor, etc Vikas Publishing House
Date of publication, distribution, etc 2015
270 ## - ADDRESS
Address E-28,Sector-8
City Noida (UP)
Postal code 201301
300 ## - PHYSICAL DESCRIPTION
Extent xxiii,356p.
Dimensions 24cm (pbk)
500 ## - GENERAL NOTE
General note Includes bibliographical references
650 ## - SUBJECT ADDED ENTRY--TOPICAL TERM
Topical term or geographic name as entry element Education
Geographic subdivision India
942 ## - ADDED ENTRY ELEMENTS (KOHA)
Source of classification or shelving scheme Dewey Decimal Classification
Koha item type English Books
Call number suffix DUT
Classification part 301.153
Holdings
Withdrawn status Lost status Source of classification or shelving scheme Damaged status Not for loan Collection code Home library Current library Date acquired Source of acquisition Cost, normal purchase price Total Checkouts Full call number Barcode Date last seen Copy number Cost, replacement price Price effective from Koha item type
    Dewey Decimal Classification   Not For Loan Non-fiction D.B.Act.Division D.B.Act.Division 05/07/2023 DBAD/PUB 325.00   301.153 DUT EN-120812 05/07/2023 1 325.00 05/07/2023 English Books
    Dewey Decimal Classification     Non-fiction Shahdara Branch Shahdara Branch 22/02/2017 DBAD/PUB 325.00   301.153 MIS EN-100838 22/02/2017 1 325.00 22/02/2017 English Books

© Delhi Public Library
Hit Counter
free hit counter